书目信息 |
| 题名: |
道路路线CAD
|
|
| 作者: | 朱照宏 编著 | |
| 分册: | ||
| 出版信息: | 上海 同济大学出版社 1998.03 |
|
| 页数: | 157页 | |
| 开本: | 16开 | |
| 丛书名: | ||
| 单 册: | ||
| 中图分类: | ||
| 科图分类: | ||
| 主题词: | 道路工程 | |
| 电子资源: | ||
| ISBN: | 7-5608-1810-2 | |
| 000 | 00588nam0 2200205 45 | |
| 001 | 9909141772 | |
| 005 | 20001201150925.4 | |
| 010 | @a7-5608-1810-2@d13.50元 | |
| 100 | @a19990914d1998 km y0chiy0120 ea | |
| 101 | @achi | |
| 105 | @a z 000yy | |
| 200 | 1 | @a道路路线CAD@ADao Lu Lu Xian CAD@f朱照宏,陈雨人等编著@FZhu Zhao Hong,Chen Yu Ren Deng Bian Zhu |
| 210 | @a上海@c同济大学出版社@d1998.03 | |
| 215 | @a157页@d16开 | |
| 606 | 0 | @a道路工程 |
| 690 | @v3 | |
| 690 | @aU412.3@v3 | |
| 701 | @a朱照宏@4编著 | |
| 801 | @aCN@bPFTUser@c19990914 | |
| 905 | @dU412.3@eZH337@b509467-476@f10 | |
| 道路路线CAD/朱照宏,陈雨人等编著.-上海:同济大学出版社,1998.03 |
| 157页;16开 |
| ISBN 7-5608-1810-2:13.50元 |
| ● |
| 相关链接 |
|
|
|
正题名:道路路线CAD
索取号:U412.3/ZH337
 
预约/预借
| 序号 | 登录号 | 条形码 | 馆藏地/架位号 | 状态 | 备注 |
| 1 | 509467 | 205094672 | 土木与交通工程学院资料室/土木与交通学院资料室 1排1列1层/ [索取号:U412.3/ZH337] | 在馆 | |
| 2 | 509468 | 205094681 | 土木与交通工程学院资料室/土木与交通学院资料室 1排1列1层/ [索取号:U412.3/ZH337] | 在馆 | |
| 3 | 509469 | 205094690 | 土木与交通工程学院资料室/土木与交通学院资料室 1排1列1层/ [索取号:U412.3/ZH337] | 在馆 | |
| 4 | 509470 | 205094707 | 土木与交通工程学院资料室/土木与交通学院资料室 1排1列1层/ [索取号:U412.3/ZH337] | 在馆 | |
| 5 | 509471 | 205094716 | 土木与交通工程学院资料室/土木与交通学院资料室 1排1列1层/ [索取号:U412.3/ZH337] | 在馆 | |
| 6 | 509472 | 205094725 | 土木与交通工程学院资料室/土木与交通学院资料室 1排1列1层/ [索取号:U412.3/ZH337] | 在馆 | |
| 7 | 509473 | 205094734 | 自科库501/501自科库 51排4列3层/ [索取号:U412.3/ZH337] | 在馆 | |
| 8 | 509474 | 205094743 | 土木与交通工程学院资料室/土木与交通学院资料室 1排1列1层/ [索取号:U412.3/ZH337] | 在馆 | |
| 9 | 509475 | 205094752 | 自科二线504/504自科库 39排1列4层/ [索取号:U412.3/ZH337] | 在馆 | |
| 10 | 509476 | 205094761 | 土木与交通工程学院资料室/土木与交通学院资料室 1排1列1层/ [索取号:U412.3/ZH337] | 在馆 |